000
00328nam a22001337a 4500
008
180220b xxu||||| |||| 00| 0 eng d
020
_a
0521225655
041
_a
eng
080
_a
331.101
100
_a
52
101
_a
BNJ
245
_a
Essays in the Theory and Measurement of Consumer Behavior
_c
Deaton, A
942
_2
udc
_c
BK
999
_c
42904
_d
42904